00740nam a2200193Ia 4500003000400000008004100004020001400045040001600059082001600075100002100091245017500112700002400287700001900311260006600330300003400396650003500430650002700465650005400492GCL140319s9999 xx 000 0 eng d a094402950 aGCL / cGCL04a327.56bF P1 aSTALEY, KIMBERLY10aPEACEWATCH ANTHOLOGY : bANALYSIS OF THE ARAB - ISRAELI PEACE PROCESS FROM THE MADRID PEACE CONFERENCE TO THE AVE OF PRESIDENT CLINTON'S INAUGURATION / cSTALEY, KIMBERLY1 aFEUERWERGER, MARVIN1 aINDYKE, MARTIN a[S.N] : bWASHINGTON INSTITUTE FOR NEAR EAST POLICY ، c1993 aX11, 173 PbILLS. ؛ c28 cm.04aMIDDLE EAST - FORIEGN RELATION04aISRAEL - ARAB CONFLICT04aDIPLOMATIC NEGOTIATIONS IN INTERNAITONAL DISPUTES